| 000 | 00453nam a2200157Ia 4500 | ||
|---|---|---|---|
| 008 | 210716s2009 xx 000 0 und d | ||
| 020 | _a9780070152595 | ||
| 041 | _aeng | ||
| 082 | _a174.4 FRAR | ||
| 100 | _aFrancis, Ronald; Mishra, Mukti. | ||
| 245 | _aBusiness ethics: an indian perspective. | ||
| 250 | _a1 | ||
| 260 |
_aNew Delhi _bTata McGraw Hill Publishing Company Ltd _c2009 |
||
| 300 | _axiv,248 | ||
| 650 | _aEthics (Moral philosophy)(170) | ||
| 999 |
_c204752 _d204752 |
||